[Event "Chervonograd IM-A"]
[Site "Chervonograd"]
[Date "2008.11.06"]
[Round "9"]
[White "Tisevich, Roman"]
[Black "Bernadskiy, Vitaliy"]
[Result "0-1"]
[WhiteElo "2360"]
[BlackElo "2319"]
[PlyCount "132"]
[EventDate "2008.11.01"]
[EventType "tourn"]
[EventRounds "15"]
[EventCountry "UKR"]
[EventCategory "3"]
[SourceTitle "EXT 2009"]
[Source "ChessBase"]
[SourceDate "2008.11.26"]
[SourceVersion "1"]
[SourceVersionDate "2008.11.26"]
[SourceQuality "1"]

1. e4 e6 2. d3 c5 3. Nf3 Nc6 4. g3 g6 5. Bg5 f6 6. Be3 d5 7. Na3 d4 8. Bd2 e5 9. Bg2 Be6 10. 0-0 Qd7 11. c3 dxc3 12. Bxc3 0-0-0 13. Nc4 Qxd3 14. Ncd2 Kb8 15. Re1 Qd7 16. Bf1 Nd4 17. Bc4 Bh6 18. Bxd4 cxd4 19. Qb3 Bxc4 20. Nxc4 Qe6 21. Re2 d3 22. Ree1 Rc8 23. Ne3 Qxb3 24. axb3 Ne7 25. Ng4 Bg7 26. Red1 Rhd8 27. Ne1 d2 28. Nf3 Rd3 29. Ne3 Rcd8 30. b4 Bh6 31. Ra3 Bxe3 32. fxe3 Kc7 33. Nd4 Rxa3 34. Ne6+ Kc8 35. bxa3 Rd6 36. Nc5 b6 37. Nb3 Kb7 38. Kf2 Rd3 39. Nxd2 Rxa3 40. Nc4 Ra2+ 41. Kf3 Kc6 42. Rc1 Kd7 43. Rd1+ Ke6 44. Rd6+ Kf7 45. Rd7 Ra4 46. Ke2 Rxb4 47. Kd3 Ra4 48. Kc3 b5 49. Nd2 Ke6 50. Rb7 a6 51. Rb6+ Kf7 52. h4 f5 53. Nf3 Rxe4 54. Ng5+ Kg7 55. Rb7 Rc4+ 56. Kd2 Kf6 57. Nxh7+ Kf7 58. Ng5+ Ke8 59. Ne6 Rc6 60. Ng5 e4 61. g4 fxg4 62. Nxe4 Nf5 63. Ke2 Re6 64. Kd3 g3 65. Rc7 g2 66. Rc1 Nxh4 0-1

[Event "Chervonograd IM-A"]
[Site "Chervonograd"]
[Date "2008.11.01"]
[Round "1"]
[White "Bargan, Sergei"]
[Black "Tisevich, Roman"]
[Result "1-0"]
[WhiteElo "2375"]
[BlackElo "2360"]
[PlyCount "55"]
[EventDate "2008.11.01"]
[EventType "tourn"]
[EventRounds "15"]
[EventCountry "UKR"]
[EventCategory "3"]
[SourceTitle "EXT 2009"]
[Source "ChessBase"]
[SourceDate "2008.11.26"]
[SourceVersion "1"]
[SourceVersionDate "2008.11.26"]
[SourceQuality "1"]

1. d4 f5 2. Nf3 Nf6 3. c3 e6 4. Bg5 Be7 5. Nbd2 0-0 6. Qc2 Nc6 7. e4 fxe4 8. Nxe4 d5 9. Nxf6+ gxf6 10. Bh6 e5 11. Bxf8 Qxf8 12. 0-0-0 e4 13. Ne1 f5 14. f3 Rb8 15. g4 b5 16. gxf5 b4 17. fxe4 bxc3 18. Qxc3 Nb4 19. Kb1 dxe4 20. Bc4+ Kh8 21. Rg1 Bxf5 22. Rg8+ Qxg8 23. Bxg8 Kxg8 24. Qxc7 e3+ 25. Ka1 Re8 26. a3 Nd5 27. Qe5 e2 28. Rc1 1-0

[Event "Geller Memorial op-A 4th"]
[Site "Odessa"]
[Date "2008.09.13"]
[Round "5"]
[White "Tisevich, Roman"]
[Black "Tukhaev, Adam"]
[Result "1/2-1/2"]
[WhiteElo "2387"]
[BlackElo "2498"]
[PlyCount "38"]
[EventDate "2008.09.09"]
[EventType "swiss"]
[EventRounds "9"]
[EventCountry "UKR"]
[SourceTitle "CBM 126 Extra"]
[Source "ChessBase"]
[SourceDate "2008.11.05"]
[SourceVersion "1"]
[SourceVersionDate "2008.11.05"]
[SourceQuality "1"]

1. d4 Nf6 2. Nf3 e6 3. Bg5 d5 4. e3 Be7 5. Nbd2 Nbd7 6. Bd3 0-0 7. 0-0 h6 8. Bh4 c5 9. c3 Qc7 10. Bg3 Bd6 11. Re1 b6 12. e4 Bxg3 13. hxg3 dxe4 14. Nxe4 Bb7 15. Qe2 cxd4 16. Nxd4 Bxe4 17. Bxe4 Nxe4 18. Qxe4 Nc5 19. Qf3 Rad8 1/2-1/2

[Event "Geller Memorial op-A 4th"]
[Site "Odessa"]
[Date "2008.09.12"]
[Round "4"]
[White "Ostrovskiy, Andrey"]
[Black "Tisevich, Roman"]
[Result "0-1"]
[WhiteElo "2445"]
[BlackElo "2387"]
[PlyCount "96"]
[EventDate "2008.09.09"]
[EventType "swiss"]
[EventRounds "9"]
[EventCountry "UKR"]
[SourceTitle "CBM 126 Extra"]
[Source "ChessBase"]
[SourceDate "2008.11.05"]
[SourceVersion "1"]
[SourceVersionDate "2008.11.05"]
[SourceQuality "1"]

1. e4 e5 2. Nf3 d6 3. d4 exd4 4. Nxd4 Nf6 5. Nc3 Be7 6. Nde2 0-0 7. g3 b5 8. Bg2 Bb7 9. 0-0 b4 10. Nd5 c5 11. Nxe7+ Qxe7 12. Nf4 Nbd7 13. Re1 Rfe8 14. Bd2 Qf8 15. a3 a5 16. Nh5 Bxe4 17. Bh6 Nxh5 18. Bxe4 Rxe4 19. Rxe4 Nhf6 20. Re1 gxh6 21. Qf3 d5 22. Qf4 Ra6 23. a4 Rc6 24. Re2 Kg7 25. Rae1 Qd6 26. Qf5 c4 27. g4 Nf8 28. h4 Ng6 29. g5 hxg5 30. hxg5 Ne4 31. Rd1 Qe6 32. Rxd5 Qxf5 33. Rxf5 Rc5 34. Rxc5 Nxc5 35. Re8 Nxa4 36. Ra8 Nxb2 37. Rxa5 Nf4 38. Rb5 b3 39. cxb3 c3 40. Rc5 Nbd3 41. Rc4 Nd5 42. Kf1 Kg6 43. Ke2 N3b4 44. f4 Na2 45. Kf3 Ndb4 46. Kg4 h5+ 47. gxh6 c2 48. h7 Kxh7 0-1